<?xml version="1.0" encoding="UTF-8"?>
<record
    xmlns:xsi="http://www.w3.org/2001/XMLSchema-instance"
    xsi:schemaLocation="http://www.loc.gov/MARC21/slim http://www.loc.gov/standards/marcxml/schema/MARC21slim.xsd"
    xmlns="http://www.loc.gov/MARC21/slim">

  <leader>05689nam a2200505 a 4500</leader>
  <controlfield tag="001">dia_6013</controlfield>
  <controlfield tag="003">CHAP</controlfield>
  <controlfield tag="005">20240820123140.0</controlfield>
  <controlfield tag="007">ta</controlfield>
  <controlfield tag="008">220117s2015    mx ado frm    001 0 spa d</controlfield>
  <datafield tag="010" ind1=" " ind2=" ">
    <subfield code="a">177188</subfield>
  </datafield>
  <datafield tag="040" ind1=" " ind2=" ">
    <subfield code="c">CHAP</subfield>
    <subfield code="a">mxchpua</subfield>
  </datafield>
  <datafield tag="041" ind1="0" ind2=" ">
    <subfield code="a">spa</subfield>
    <subfield code="b">eng</subfield>
  </datafield>
  <datafield tag="090" ind1=" " ind2=" ">
    <subfield code="a">Tesis </subfield>
    <subfield code="b">L86 </subfield>
    <subfield code="c">2015</subfield>
  </datafield>
  <datafield tag="100" ind1="1" ind2=" ">
    <subfield code="a">Luna Falf&#xE1;n, Am&#xE9;rica</subfield>
  </datafield>
  <datafield tag="240" ind1="1" ind2="0">
    <subfield code="a">Salmonella typhimurium and escherichia coli prevalence on meat products in Texcoco, state of Mexico.</subfield>
    <subfield code="l">Espa&#xF1;ol</subfield>
  </datafield>
  <datafield tag="245" ind1="1" ind2="0">
    <subfield code="a">Prevalencia de Salmonella typhimurium y Escherichia coli en productos c&#xE1;rnicos en Texcoco, Edo. de M&#xE9;xico /</subfield>
    <subfield code="c">Am&#xE9;rica Luna Falf&#xE1;n</subfield>
  </datafield>
  <datafield tag="264" ind1=" " ind2=" ">
    <subfield code="a">Chapingo, M&#xE9;xico :</subfield>
    <subfield code="b">El autor,</subfield>
    <subfield code="c">2015</subfield>
  </datafield>
  <datafield tag="300" ind1=" " ind2=" ">
    <subfield code="a">iv, 52 hojas :</subfield>
    <subfield code="b">ilustraciones, tablas, gr&#xE1;ficas, fotos +</subfield>
    <subfield code="e">1 CD-ROM</subfield>
  </datafield>
  <datafield tag="336" ind1=" " ind2=" ">
    <subfield code="2">rdacontent</subfield>
    <subfield code="a">texto</subfield>
    <subfield code="b">txt</subfield>
  </datafield>
  <datafield tag="337" ind1=" " ind2=" ">
    <subfield code="2">rdamedia</subfield>
    <subfield code="a">no mediado</subfield>
    <subfield code="b">n</subfield>
  </datafield>
  <datafield tag="338" ind1=" " ind2=" ">
    <subfield code="2">rdacarrier</subfield>
    <subfield code="a">volumen</subfield>
    <subfield code="b">nc</subfield>
  </datafield>
  <datafield tag="502" ind1=" " ind2=" ">
    <subfield code="a">Tesis </subfield>
    <subfield code="b">(Ingeniero Agroindustrial) --</subfield>
    <subfield code="c">UACh. Departamento de Ingenier&#xED;a Agroindustrial,</subfield>
    <subfield code="d">2015</subfield>
  </datafield>
  <datafield tag="504" ind1=" " ind2=" ">
    <subfield code="a">Bibliograf&#xED;a: hojas 43-49</subfield>
  </datafield>
  <datafield tag="520" ind1="3" ind2=" ">
    <subfield code="a">Salmonella typhimurium y Escherichia coli se encuentran entre las principales bacterias pat&#xF3;genas que contaminan los productos c&#xE1;rnicos y representan un fuerte problema de salud p&#xFA;blica. En la presente investigaci&#xF3;n se determin&#xF3; la prevalencia de Salmonella typhimurium y Escherichia coli en carne de pollo, res y cerdo, distribuidas en la ciudad de Texcoco, Estado de M&#xE9;xico. Se realiz&#xF3; un censo de los establecimientos (74) que comercializaban los tres tipos de carnes. Se calcul&#xF3; el tama&#xF1;o de muestra mediante un Muestreo Aleatorio Simple Cualitativo (MASC). Los muestreos y an&#xE1;lisis microbiol&#xF3;gicos iniciaron en octubre de 2013 y concluyeron en noviembre del mismo a&#xF1;o, analizando entre 5 y 10 muestras por semana procedentes de carnicer&#xED;as ubicadas en mercados municipales, expendios en domicilios particulares y en tiendas de autoservicio. Salmonella typhimurium fue detectada conforme a la Norma Oficial Mexicana NOM-114-SSA1-1994, complementando la identificaci&#xF3;n con pruebas bioqu&#xED;micas que establece el protocolo del Kit API&#xAE; 20E. Salmonella typhimurium estuvo presente en el 10% de las muestras de carne de cerdo y de carne de pollo, y estuvo ausente en carne de res. El 100% las muestras contaminadas con Salmonella typhimurium proven&#xED;an de los expendios en domicilio particular. Por otra parte, la prevalencia de E. coli se determin&#xF3; mediante placas Pretrifilm 3M, identific&#xE1;ndose en 55, 50 y 10 % de las muestras de carne de pollo, cerdo y res, respectivamente. El 50 % de las muestras de carne de cerdo proven&#xED;a de locales ubicados en mercados municipales y el 50 % de expendios ubicados en domicilios particulares. Para carne de pollo, el 45.45 % y el 54.54 % de las muestras contaminadas con E. coli, proven&#xED;an de mercados municipales y expendios en domicilio particular, respectivamente. Y para la carne de res contaminada, el 100 % proced&#xED;a de carnicer&#xED;as en domicilios particulares. Las tiendas de autoservicio, fueron los &#xFA;nicos establecimientos que cumplieron con las Normas Oficiales Mexicanas. </subfield>
  </datafield>
  <datafield tag="520" ind1="3" ind2=" ">
    <subfield code="a">Salmonella typhimurium and Escherichia coli are the most important pathogenic bacteria that contaminate meat products and represent a strong public health problem. In this research, the prevalence of Salmonella typhimurium and Escherichia coli in chicken, beef and pork meat distributed on Texcoco City, State of Mexico was determined. A census of establishments (74) traded the three types of meat was made; the sample size by Simple Random Sampling Qualitative (MASC) was calculated. Microbiological sampling and analysis began on october 2013 and concluded on november of the same year, analyzing between 5 and 10 samples per week butchers located in municipal markets, outlets in private homes and in supermarkets. Salmonella typhimurium was detected according to the Mexican Official Standard NOM-114-SSA1-1994, complementing identification with biochemical evidence that establishes the Kit protocol API&#xAE; 20E. This organism was present in 10% of samples in pork and poultry meat, and was absent in beef. 100% of the samples contaminated with Salmonella typhimurium came from the outlets in private homes. Moreover, the prevalence of E. coli was determined by 3M Pretrifilm plates, fully identified in 55, 50 and 10% of chicken, pork and beef, respectively; of these, to pork 50% came from local markets located in municipal and 50% came outlets located in private homes, in the same way, for the chicken meat 45.45% and 54.54% of the samples contaminated with this organism came from municipal markets and outlets in particular respectively address. And for contaminated beef, 100% came from butchers in private homes. Supermarkets stores were the only establishments that comply with Mexican Official Standards.</subfield>
  </datafield>
  <datafield tag="650" ind1="1" ind2="3">
    <subfield code="a">Higiene de los alimentos</subfield>
    <subfield code="2">atg</subfield>
  </datafield>
  <datafield tag="650" ind1="1" ind2="3">
    <subfield code="a">Buenas pr&#xE1;cticas de fabricaci&#xF3;n  </subfield>
    <subfield code="2">atg</subfield>
  </datafield>
  <datafield tag="650" ind1="1" ind2="3">
    <subfield code="a">Buenas pr&#xE1;cticas de higiene</subfield>
    <subfield code="2">atg</subfield>
  </datafield>
  <datafield tag="650" ind1="1" ind2="3">
    <subfield code="a">Inocuidad alimentaria</subfield>
    <subfield code="2">atg</subfield>
  </datafield>
  <datafield tag="650" ind1="1" ind2="3">
    <subfield code="a">Productos c&#xE1;rnicos  </subfield>
    <subfield code="2">atg</subfield>
  </datafield>
  <datafield tag="650" ind1="1" ind2="3">
    <subfield code="a">Food safety  </subfield>
    <subfield code="2">atg</subfield>
  </datafield>
  <datafield tag="650" ind1="1" ind2="3">
    <subfield code="a">Food sanitation</subfield>
    <subfield code="2">atg</subfield>
  </datafield>
  <datafield tag="650" ind1="1" ind2="3">
    <subfield code="a">Good hygiene practices  </subfield>
    <subfield code="2">atg</subfield>
  </datafield>
  <datafield tag="650" ind1="1" ind2="3">
    <subfield code="a">Good manufacturing practices  </subfield>
    <subfield code="2">atg</subfield>
  </datafield>
  <datafield tag="650" ind1="1" ind2="3">
    <subfield code="a">Meat products  </subfield>
    <subfield code="2">atg</subfield>
  </datafield>
  <datafield tag="700" ind1="1" ind2=" ">
    <subfield code="a">Hern&#xE1;ndez S&#xE1;nchez, David</subfield>
    <subfield code="e">director</subfield>
  </datafield>
  <datafield tag="700" ind1="1" ind2=" ">
    <subfield code="a">Leyva Ruelas, Gabriel</subfield>
    <subfield code="e">asesor</subfield>
  </datafield>
  <datafield tag="700" ind1="1" ind2=" ">
    <subfield code="a">Ram&#xED;rez Sep&#xFA;lveda, Marco Favio</subfield>
    <subfield code="e">asesor</subfield>
  </datafield>
  <datafield tag="856" ind1=" " ind2=" ">
    <subfield code="u">http://10.13.5.2/tesis/sist111634.pdf</subfield>
    <subfield code="y">DESCARGAR PDF</subfield>
  </datafield>
  <datafield tag="901" ind1=" " ind2=" ">
    <subfield code="a">TESIS L86 2015</subfield>
  </datafield>
  <datafield tag="902" ind1=" " ind2=" ">
    <subfield code="a">M</subfield>
  </datafield>
  <datafield tag="905" ind1=" " ind2=" ">
    <subfield code="a">5232272015                          mx dml 8223123322spa16</subfield>
  </datafield>
  <datafield tag="942" ind1=" " ind2=" ">
    <subfield code="c">TESIS</subfield>
    <subfield code="2">Clasificaci&#xF3;n Universidad Aut&#xF3;noma Chapingo</subfield>
  </datafield>
  <datafield tag="999" ind1=" " ind2=" ">
    <subfield code="c">177188</subfield>
    <subfield code="d">177188</subfield>
  </datafield>
  <datafield tag="952" ind1=" " ind2=" ">
    <subfield code="0">0</subfield>
    <subfield code="1">0</subfield>
    <subfield code="2">local</subfield>
    <subfield code="4">0</subfield>
    <subfield code="5">1</subfield>
    <subfield code="7">0</subfield>
    <subfield code="8">TESIS</subfield>
    <subfield code="a">IA_</subfield>
    <subfield code="b">IA_</subfield>
    <subfield code="d">2015-01-18</subfield>
    <subfield code="e">El autor</subfield>
    <subfield code="l">0</subfield>
    <subfield code="o">Tesis L86 2015</subfield>
    <subfield code="p">1101009409</subfield>
    <subfield code="r">2022-01-18 00:00:00</subfield>
    <subfield code="t">Ej.3</subfield>
    <subfield code="w">2015-01-18</subfield>
    <subfield code="y">CD</subfield>
  </datafield>
  <datafield tag="952" ind1=" " ind2=" ">
    <subfield code="0">0</subfield>
    <subfield code="1">0</subfield>
    <subfield code="2">local</subfield>
    <subfield code="4">0</subfield>
    <subfield code="5">1</subfield>
    <subfield code="7">0</subfield>
    <subfield code="8">TESIS</subfield>
    <subfield code="a">IA_</subfield>
    <subfield code="b">IA_</subfield>
    <subfield code="d">2015-01-18</subfield>
    <subfield code="e">El autor</subfield>
    <subfield code="l">0</subfield>
    <subfield code="o">Tesis L86 2015</subfield>
    <subfield code="p">1101009407</subfield>
    <subfield code="r">2026-02-02 00:00:00</subfield>
    <subfield code="t">Ej.1</subfield>
    <subfield code="w">2015-01-18</subfield>
    <subfield code="y">TESIS</subfield>
  </datafield>
  <datafield tag="952" ind1=" " ind2=" ">
    <subfield code="0">0</subfield>
    <subfield code="1">0</subfield>
    <subfield code="2">local</subfield>
    <subfield code="4">0</subfield>
    <subfield code="5">1</subfield>
    <subfield code="7">0</subfield>
    <subfield code="8">TESIS</subfield>
    <subfield code="a">IA_</subfield>
    <subfield code="b">IA_</subfield>
    <subfield code="d">2015-01-18</subfield>
    <subfield code="e">El autor</subfield>
    <subfield code="l">0</subfield>
    <subfield code="o">Tesis L86 2015</subfield>
    <subfield code="p">1101009408</subfield>
    <subfield code="r">2022-01-18 00:00:00</subfield>
    <subfield code="t">Ej.2</subfield>
    <subfield code="w">2015-01-18</subfield>
    <subfield code="y">CD</subfield>
  </datafield>
  <datafield tag="952" ind1=" " ind2=" ">
    <subfield code="0">0</subfield>
    <subfield code="1">0</subfield>
    <subfield code="2">local</subfield>
    <subfield code="4">0</subfield>
    <subfield code="7">0</subfield>
    <subfield code="8">TesDigL</subfield>
    <subfield code="a">IA_</subfield>
    <subfield code="b">IA_</subfield>
    <subfield code="c">E_L</subfield>
    <subfield code="d">2015-01-18</subfield>
    <subfield code="e">El autor</subfield>
    <subfield code="l">0</subfield>
    <subfield code="p">1201009407</subfield>
    <subfield code="r">2024-08-20 13:36:36</subfield>
    <subfield code="w">2015-01-18</subfield>
    <subfield code="y">TD</subfield>
  </datafield>
</record>
